[Event "SWE-chT 0708"]
[Site "Sweden"]
[Date "2008.03.09"]
[Round "11"]
[White "Tallinger, Thomas"]
[Black "Janse, Rasmus"]
[Result "0-1"]
[WhiteElo "2203"]
[BlackElo "2214"]
[PlyCount "46"]
[EventDate "2007.10.19"]
[EventType "team"]
[EventRounds "11"]
[EventCountry "SWE"]
[SourceTitle "EXT 2009"]
[Source "ChessBase"]
[SourceDate "2008.11.26"]
[SourceVersion "1"]
[SourceVersionDate "2008.11.26"]
[SourceQuality "1"]
[WhiteTeam "Astorp"]
[BlackTeam "Vasteras"]
[WhiteTeamCountry "SWE"]
[BlackTeamCountry "SWE"]

1. e4 e6 2. d4 d5 3. Nc3 Bb4 4. e5 c5 5. a3 Bxc3+ 6. bxc3 Ne7 7. Qg4 0-0 8. Bd3 Nbc6 9. Nf3 f5 10. exf6 Rxf6 11. Bg5 e5 12. Qg3 Rxf3 13. gxf3 c4 14. Be2 Qa5 15. Bd2 Nf5 16. Qg5 exd4 17. cxd4 c3 18. Be3 Ncxd4 19. Bxd4 Nxd4 20. Qe5 Qc5 21. Kd1 Bf5 22. Bd3 Bxd3 23. cxd3 c2+ 0-1

[Event "SWE-chT 0708"]
[Site "Sweden"]
[Date "2007.10.19"]
[Round "1"]
[White "Nystrom, Ragnar"]
[Black "Tallinger, Thomas"]
[Result "0-1"]
[WhiteElo "1955"]
[BlackElo "2200"]
[PlyCount "52"]
[EventDate "2007.10.19"]
[EventType "team"]
[EventRounds "11"]
[EventCountry "SWE"]
[SourceTitle "EXT 2009"]
[Source "ChessBase"]
[SourceDate "2008.11.26"]
[SourceVersion "1"]
[SourceVersionDate "2008.11.26"]
[SourceQuality "1"]
[WhiteTeam "Wasa"]
[BlackTeam "Astorp"]
[WhiteTeamCountry "SWE"]
[BlackTeamCountry "SWE"]

1. d4 e6 2. e4 d5 3. Nc3 Bb4 4. e5 c5 5. a3 Bxc3+ 6. bxc3 Qc7 7. Qg4 Ne7 8. Qxg7 Rg8 9. Qxh7 cxd4 10. Ne2 Nbc6 11. f4 Bd7 12. Qd3 dxc3 13. Nxc3 a6 14. Rb1 Na5 15. g3 Nc4 16. Bg2 0-0-0 17. 0-0 Qc5+ 18. Kh1 Nf5 19. Ne2 Bc6 20. Re1 Rg6 21. c3 Rh8 22. Qf3 Nh4 23. Qf1 Nxg2 24. Kxg2 d4+ 25. Kg1 d3+ 26. Nd4 d2 0-1

[Event "SWE-chT 0405"]
[Site "Sweden"]
[Date "2004.??.??"]
[Round "4"]
[White "Eklund, Lars Goran"]
[Black "Tallinger, Thomas"]
[Result "0-1"]
[WhiteElo "2298"]
[BlackElo "2202"]
[PlyCount "74"]
[EventDate "2004.11.05"]
[EventType "team"]
[EventRounds "11"]
[EventCountry "SWE"]
[SourceTitle "EXT 2006"]
[Source "ChessBase"]
[SourceDate "2005.11.24"]
[SourceVersion "1"]
[SourceVersionDate "2005.11.24"]
[SourceQuality "1"]
[WhiteTeam "Skara"]
[BlackTeam "Astorp"]
[WhiteTeamCountry "SWE"]
[BlackTeamCountry "SWE"]

1. Nf3 Nf6 2. c4 e6 3. Nc3 Bb4 4. g4 b6 5. g5 Ng8 6. Qc2 Bb7 7. Rg1 Bxf3 8. exf3 Nc6 9. Rg4 f5 10. gxf6 Qxf6 11. a3 Bc5 12. Bg2 Nh6 13. Ne4 Qe5 14. Rg5 Nf5 15. Kf1 Be7 16. f4 Qxf4 17. d3 Qe5 18. Rg4 0-0 19. Qc3 Nfd4 20. Be3 Nf5 21. Bf4 Qd4 22. Kg1 e5 23. Bg5 Qxc3 24. bxc3 Rae8 25. Ng3 Bc5 26. Rf1 a5 27. Be4 Nxg3 28. hxg3 Ne7 29. Kg2 c6 30. d4 exd4 31. cxd4 Bxa3 32. Rh1 Nf5 33. Bb1 Re2 34. Kf1 Rb2 35. Be4 g6 36. Kg2 Re2 37. Bd3 Ree8 0-1